The class trip / (Record no. 4733)

MARC details
000 -LEADER
fixed length control field 01184cam a2200385 a 4500
001 - CONTROL NUMBER
control field 4733
003 - CONTROL NUMBER IDENTIFIER
control field FISKH
005 - DATE AND TIME OF LATEST TRANSACTION
control field 20240926150210.0
008 - FIXED-LENGTH DATA ELEMENTS--GENERAL INFORMATION
fixed length control field 990106s1999 nyua b 000 1 eng
010 ## - LIBRARY OF CONGRESS CONTROL NUMBER
LC control number 99010687
020 ## - INTERNATIONAL STANDARD BOOK NUMBER
International Standard Book Number 0439067553
040 ## - CATALOGING SOURCE
Original cataloging agency DLC
Transcribing agency DLC
Modifying agency DLC
Language of cataloging eng
050 ## - LIBRARY OF CONGRESS CALL NUMBER
Classification number PZ8.M127
082 ## - DEWEY DECIMAL CLASSIFICATION NUMBER
Classification number 303
100 1# - MAIN ENTRY--PERSONAL NAME
Personal name Maccarone, Grace.
245 14 - TITLE STATEMENT
Title The class trip /
Statement of responsibility, etc. by Grace Maccarone ; illustrated by Betsy Lewin.
260 ## - PUBLICATION, DISTRIBUTION, ETC.
Place of publication, distribution, etc. New York :
Name of publisher, distributor, etc. Scholastic,
Date of publication, distribution, etc. 1999.
300 ## - PHYSICAL DESCRIPTION
Extent 30 unnumbered pages :
Other physical details color illustrations ;
Dimensions 23 cm
440 #0 - SERIES STATEMENT/ADDED ENTRY--TITLE
Title Hello reader!
Number of part/section of a work Level 1
490 1# - SERIES STATEMENT
Series statement First grade friends
500 ## - GENERAL NOTE
General note "Cartwheel books."
505 ## - FORMATTED CONTENTS NOTE
Formatted contents note D<br/>
520 ## - SUMMARY, ETC.
Summary, etc. When his class goes to the zoo, Sam fails to keep up with the rest of the group and gets lost.
521 8# - TARGET AUDIENCE NOTE
Target audience note 160<br/>
Source Lexile<br/>
521 8# - TARGET AUDIENCE NOTE
Target audience note D<br/>
Source Raz-Plus<br/>
650 #1 - SUBJECT ADDED ENTRY--TOPICAL TERM
Topical term or geographic name entry element Zoos
General subdivision Fiction.
650 #1 - SUBJECT ADDED ENTRY--TOPICAL TERM
Topical term or geographic name entry element Zoo animals
General subdivision Fiction.
650 #1 - SUBJECT ADDED ENTRY--TOPICAL TERM
Topical term or geographic name entry element School field trips
General subdivision Fiction.
650 #1 - SUBJECT ADDED ENTRY--TOPICAL TERM
Topical term or geographic name entry element Lost children
General subdivision Fiction.
650 #1 - SUBJECT ADDED ENTRY--TOPICAL TERM
Topical term or geographic name entry element Stories in rhyme.
700 1# - ADDED ENTRY--PERSONAL NAME
Personal name Lewin, Betsy,
Relator term illustrator
906 ## - LOCAL DATA ELEMENT F, LDF (RLIN)
a 7
b cbc
c orignew
d 1
e ocip
f 19
g y-gencatlg
942 ## - ADDED ENTRY ELEMENTS (KOHA)
Source of classification or shelving scheme Dewey Decimal Classification
Koha item type Books
Suppress in OPAC No
Holdings
Withdrawn status Lost status Source of classification or shelving scheme Damaged status Not for loan Collection Home library Current library Shelving location Date acquired Total Checkouts Full call number Barcode Date last seen Price effective from Koha item type
    Dewey Decimal Classification     Juvenile Fiction Footprints International School Library Network Toul Kork Campus Footprints International School Library Network Toul Kork Campus TK Primary Library Room(4th Floor), Bookcase 7, Shelves 57-60, Dark Green Books 09/26/2024   MAC 303 PZ8.M127 FISBK02637 09/26/2024 09/26/2024 Books